000 00683nam a2200229 a 4500
008 951121s1988||||[C 0 slo c
020 _c45 Kčs.
_q(15000 výtl.)
040 _aSNK
_bslo
_cSNK
_eAACR2
041 1 _aslo
_hhun
044 _axo
_cSK
080 _a77(031)
100 1 _aMorvay, György
_4aut
245 1 0 _aFotolexikon
_cGyörgy Morvay ; Tibor Hradecký, Bruno Musil
250 _a1., vyd.
260 _aBratislava
_bAlfa
_c1988
_eBanská Bystrica
_fTlačiarne SNP
300 _a416 s., 35,27 AH
_bSch.
_c24 cm
490 0 _aUrob si sám
500 _aLit. 16. Zozn. 16 zázn. v slov.
700 1 _aHradecký, Tibor
_4trl
700 1 _aMusil, Bruno
_4bkd
958 _aA
999 _c14949
_d14949